Ładuje się......
കിഴക്കിന്റെ വെളിച്ചം (Kizhakkinte velicham)
| 1. autor: | |
|---|---|
| Kolejni autorzy: | |
| Format: | Printed Book |
| Wydane: |
Kottayam:
D C Books,
2009.
|
| Hasła przedmiotowe: |
| LEADER | 00607cam a2200169ua 4500 | ||
|---|---|---|---|
| 999 | |c 22220 |d 22220 | ||
| 020 | |a 9788126424528 | ||
| 082 | |a M294.33 |b ARN/K | ||
| 100 | |a എഡ്വിൻ ആർനോൾഡ് (Edwin Arnold) | ||
| 240 | |a The light of Asia | ||
| 245 | 1 | 0 | |a കിഴക്കിന്റെ വെളിച്ചം (Kizhakkinte velicham) |
| 260 | |a Kottayam: |b D C Books, |c 2009. | ||
| 300 | |a 128p.. | ||
| 650 | 0 | |a buddhism | |
| 700 | 0 | 2 | |a Arnold, Edwin |
| 942 | |c BK | ||
| 952 | |0 0 |1 0 |4 0 |6 M_294_330000000000000_ARN_K |7 0 |9 23551 |a KUCL |c M |d 2014-05-23 |g 65.00 |l 1 |o M294.33 ARN/K |p 22721 |r 2017-07-03 |s 2017-06-05 |y BK | ||